Annual report - Texas Judicial Council.

Report for 1978- includes Texas Office of Court Administrtion. Annual report.

Bibliographic Details
New Title:Annual report of statistical and other data on the Texas judicial system for calendar year ...
Previous Title:Texas. Civil Judicial Council. Annual report
Corporate Authors: Texas Judicial Council, Texas. Office of Court Administration
Format: Government Document Serial
Language:English
Published: Austin : Texas Judicial Council, 1974-
Subjects:
Online Availability: Check for online availability

MARC

Tag First Indicator Second Indicator Subfields
LEADER 00000cas a2200000 a 4500
001 in00000069781
005 20151008055841.0
008 760330c19741978txuar1 s s0uuua0eng
010 |a  75648526  
019 |a 2255923  |a 05294823  |a 05471938 
022 |a 0361-3542 
035 |a (OCoLC)02246077 
035 |9 AAJ4553AM 
037 |b 308 West 15th Street, 78701 
040 |a DLC  |c DLC  |d OCL  |d m.c.  |d TXA  |d UtOrBLW 
042 |a lc  |a nsdp 
043 |a n-us-tx 
049 |a TXAE [Latest] [Ed: ref] 
050 0 0 |a KFT1271  |b .J8 
082 0 |a 347/.764/01 
086 |a J275.3 An78  |2 txdocs 
110 2 |a Texas Judicial Council. 
222 0 |a Annual report - Texas Judicial Council 
245 1 0 |a Annual report - Texas Judicial Council. 
246 1 3 |a Statistical and other data on the state judicial system 
246 1 0 |a Annual report 
264 1 |a Austin :  |b Texas Judicial Council,  |c 1974- 
300 |a volumes ;  |c 28 cm. 
336 |a text  |b txt  |2 rdacontent 
337 |a unmediated  |b n  |2 rdamedia 
338 |a volume  |b nc  |2 rdacarrier 
362 0 |a 46th-50 (1974-1978) 
520 |a Report for 1978- includes Texas Office of Court Administrtion. Annual report. 
580 |a Continued in 1979 by: Texas Judicial Council. Annual report of statistical and other data on the Texas judicial system for calendar year... 
650 0 |a Judicial statistics  |z Texas. 
650 0 |a Courts  |z Texas. 
710 1 2 |a Texas.  |b Office of Court Administration.  |t Annual report - Office of Court Administration. 
780 0 0 |a Texas. Civil Judicial Council.  |t Annual report  |w (OCoLC)1767315 
785 1 0 |7 Texas Judicial Council.  |t Annual report of statistical and other data on the Texas judicial system for calendar year ...  |x 8756-6850  |w (DLC) 85645819  |w (OCoLC)11565089 
999 |a MARS 
999 f f |s cdd2c76f-379f-39a2-b84d-5458a49e341c  |i c6aea2d3-0b95-37d2-aa2f-d17832d916a7  |t 0 
952 f f |p normal  |a Texas A&M University  |b College Station  |c Sterling C. Evans Library  |d Evans: Texas Documents (Annex 5th floor)  |t 0  |e J275.3 An78  |h Superintendent of Documents classification  |i unmediated -- volume  |k 50th  |l 1978  |m A14814506950 
952 f f |p default  |a Texas A&M University  |b College Station  |c Sterling C. Evans Library  |d Evans: Library Stacks  |t 0  |e KFT1271 .J8  |h Library of Congress classification  |i unmediated -- volume 
952 f f |p normal  |a Texas A&M University  |b College Station  |c Sterling C. Evans Library  |d Evans: Texas Documents (Annex 5th floor)  |t 0  |e J275.3 An78  |h Superintendent of Documents classification  |i unmediated -- volume  |k 48th  |l 1976  |m A14814507053 
952 f f |p normal  |a Texas A&M University  |b College Station  |c Sterling C. Evans Library  |d Evans: Texas Documents (Annex 5th floor)  |t 0  |e J275.3 An78  |h Superintendent of Documents classification  |i unmediated -- volume  |k 49th  |l 1977  |m A14814507003 
952 f f |p normal  |a Texas A&M University  |b College Station  |c Sterling C. Evans Library  |d Evans: Texas Documents (Annex 5th floor)  |t 0  |e J275.3 An78  |h Superintendent of Documents classification  |i unmediated -- volume  |k 46th  |l 1974  |m A14814507150 
952 f f |p normal  |a Texas A&M University  |b College Station  |c Sterling C. Evans Library  |d Evans: Texas Documents (Annex 5th floor)  |t 0  |e J275.3 An78  |h Superintendent of Documents classification  |i unmediated -- volume  |k 47th  |l 1975  |m A14814507100 
998 f f |a J275.3 An78  |s 46th-50th (1974-1978)  |t 0  |l Evans: Texas Documents (Annex 5th floor) 
998 f f |a KFT1271 .J8  |s <1974-1976>  |t 0  |l Evans: Library Stacks